Corporate governance of company groups in Latin America
Saved in:
| Format: | Book |
|---|---|
| Language: | English |
| Published: |
Paris
OECD
2015
|
| Subjects: | |
| Tags: |
No Tags, Be the first to tag this record!
|
MARC
| LEADER | 00000nam a2200000 4500 | ||
|---|---|---|---|
| 001 | 0213739 | ||
| 005 | 20240314122805.2 | ||
| 020 | |a 978-92-64-24012-4 | ||
| 041 | 0 | |a eng | |
| 044 | |a FR | ||
| 245 | 1 | 0 | |a Corporate governance of company groups in Latin America |
| 264 | 1 | |a Paris |b OECD |c 2015 | |
| 300 | |a 92 s. | ||
| 610 | 2 | 0 | |a správa spoločnosti |
| 610 | 2 | 0 | |a organizácie |
| 610 | 2 | 0 | |a firmy |
| 610 | 2 | 0 | |a Latinská Amerika |
| 610 | 2 | 0 | |a Argentína |
| 610 | 2 | 0 | |a Brazília |
| 610 | 2 | 0 | |a Čile |
| 610 | 2 | 0 | |a Kolumbia |
| 610 | 2 | 0 | |a Mexiko |
| 610 | 2 | 0 | |a Peru |